Filipinas y sus habitantes lo que son y lo que deben ser (Record no. 154635)

MARC details
000 -LEADER
campo de control de longitud fija 00865nam a22001935i 4500
001 - NÚMERO DE CONTROL
campo de control 154635
003 - IDENTIFICADOR DE NÚMERO DE CONTROL
campo de control ES-MaACL
005 - FECHA Y HORA DE LA ÚLTIMA TRANSACCIÓN
campo de control 20230906205813.0
008 - DATOS DE LONGITUD FIJA--INFORMACIÓN GENERAL
campo de control de longitud fija 010611s1896 sp |||| | spa d
040 ## - FUENTE DE CATALOGACIÓN
Centro catalogador/agencia de origen CCPB | B
Lengua de catalogación spa
Centro/agencia transcriptor CCPB | B
100 1# - ENTRADA PRINCIPAL--NOMBRE DE PERSONA
Nombre de persona González y Martín, R.
9 (RLIN) 127452
245 10 - MENCIÓN DEL TÍTULO
Título Filipinas y sus habitantes lo que son y lo que deben ser
Resto del título : estudio crítico con exposición, además, de varios preceptos higiénicos para la conservación de la salud de todo país tropical v.g. Filipinas, Cuba, Puerto Rico y tantos otros /
Mención de responsabilidad, etc. por R. González y Martín.
260 ## - PUBLICACIÓN, DISTRIBUCIÓN, ETC.
Lugar de publicación, distribución, etc. Béjar :
Nombre del editor, distribuidor, etc. [s.n.],
Fecha de publicación, distribución, etc. 1896 (
Fabricante establecimiento tipográfico de la viuda de Aguilar)
300 ## - DESCRIPCIÓN FÍSICA
Extensión 285 p. ;
Dimensiones 20 cm.
651 #4 - PUNTO DE ACCESO ADICIONAL DE MATERIA--NOMBRE GEOGRÁFICO
Nombre geográfico Filipinas-
Subdivisión general Situación social-
Subdivisión cronológica S. \RXIX\R.
9 (RLIN) 234097
752 ## - ENTRADA AGREGADA--NOMBRE JERÁRQUICO DEL LUGAR
País o entidad superior España -
Ciudad Béjar
852 ## - LOCALIZACIÓN
Ubicación ES-MaACL
Número de control de estantería B-3539
Nota libre -- Rúst.
Holdings
Estatus retirado Estado de pérdida Estado de daño No para préstamo Colección Biblioteca de origen Biblioteca actual Ubicación en estantería Fecha de adquisición Fuente de adquisición Total de préstamos Signatura topográfica completa Código de barras Visto por última vez Precio de reemplazo Tipo de ítem Koha
        Libros del s. XIX Biblioteca del Ateneo de Madrid Biblioteca del Ateneo de Madrid Sala Pardo Bazán 17/01/2008     B-3539 1161734 23/02/2023 23/02/2023 Libro impreso antiguo